Literatura de la postguerra: el teatro

Uloženo v:
Podrobná bibliografie
Hlavní autor: García Templado, José (Autor)
Médium: Kniha
Jazyk:španělština
Vydáno: Madrid Cincel 1981
Edice:Cuadernos de Estudio, 28
Témata:
Tagy: Přidat tag
Žádné tagy, Buďte první, kdo vytvoří štítek k tomuto záznamu!

MARC

LEADER 00000nam a2200000 a 4500
001 UCQ5225
003 CL-VaPUC
008 980925e19810000SP |||||||||||||||||spa|d
082 0 4 |a 862.09  |b GAR  |2 21 
100 |a García Templado, José  |e author  |9 419498 
245 1 0 |a Literatura de la postguerra: el teatro 
300 |a 95 p 
942 |c BK 
945 |d 19980925 00:00:00  |a crobeson 
260 |a Madrid  |b Cincel  |c 1981 
650 0 |a Teatro español  |9 265077 
650 0 |a Literatura española  |9 306261 
650 0 |a Historia y crítica   |9 257407 
583 |a last modification  |c 19980925 00:00:00  |k Rodrigo Vera 
490 0 |a Cuadernos de Estudio, 28 
999 |c 275440  |d 275438 
952 |0 0  |1 0  |4 0  |6 862_090000000000000_GAR_1981  |7 0  |8 A  |9 312182  |a BIBEDU  |b BIBEDU  |d 2019-11-20  |i 1469304  |o 862.09 GAR 1981  |p 1469304  |r 2019-11-20  |w 2019-11-20  |y BK  |k LIT